• 首页
  • 本馆介绍
  • 公告通知
  • 最新文献
  • 馆藏检索
  • 电子资源
  • 读者导购
  • 参考咨询
  • 我的图书馆
  • 登录
  • 详细信息显示
  • 放入我的书架
  • 预约/预借图书
  • 作者相关作品
  • 分类相关作品
  • 丛书相关作品
  • 出版社相关作品

书目信息

  • 表格格式
  • 工作单格式
  • 卡片格式
题名:
权力巅峰的爱:书写历史的名人夫妇
    
 
作者: 韦尔纳·比尔曼 编 ;黎越 , 汪莉 译
分册:  
出版信息:   社会科学文献出版社  2006
页数: 211页
开本: 23cm
丛书名: 风云人物系列
单 册:
中图分类: K817=5 , K815.7
科图分类:
主题词: 政治家
电子资源:
ISBN: 7-80190-925-9
000 01085oam2 2200289 450
001 1547977167
005 20150123151904.21
010    @a7-80190-925-9@dCNY28.00
100    @a20070104d2006 em y0chiy0110 ea
101 0  @achi
102    @aCN@b110000
105    @ay z 000yy
200 1  @a权力巅峰的爱:书写历史的名人夫妇@9Quan Li Dian Feng De Ai Shu Xie Li Shi De Ming Ren Fu Fu@dLiebe an der Macht@f(德)韦尔纳·比尔曼(Werner Biermann)[等]编@g黎越,汪莉译@zeng
210    @c社会科学文献出版社@d2006
215    @a211页@d23cm
225 2  @a风云人物系列@9Feng Yun Ren Wu Xi Lie
330    @a本书展示了当代世界政坛上极具影响力的六对名人夫妻——克林顿夫妇、撒切尔夫妇、撒切尔夫妇、里根夫妇、昂纳克夫妇和施特劳斯夫妇的情感故事和政治生活。
461  0 @12001 @a风云人物系列
510 1  @aLiebe an der Macht@zeng
606    @a政治家
690    @aK817=5@v5
690    @aK815.7@v4
701  0 @a韦尔纳·比尔曼@9Wei Er Na Bi Er Man@bWernerBiermann(等)@4编
702  0 @a黎越@9Li Yue@4译
702  0 @a汪莉@9Wang Li@4译
801  0 @aCN@bTSSF@c20150123
905    @aZUCC@dK815.7@eJY86
    
    权力巅峰的爱:书写历史的名人夫妇=Liebe an der Macht/(德)韦尔纳·比尔曼(Werner Biermann)[等]编/黎越,汪莉译.-社会科学文献出版社,2006
    211页;23cm.-(风云人物系列)
    
    
    ISBN 7-80190-925-9:CNY28.00
    本书展示了当代世界政坛上极具影响力的六对名人夫妻——克林顿夫妇、撒切尔夫妇、撒切尔夫妇、里根夫妇、昂纳克夫妇和施特劳斯夫妇的情感故事和政治生活。
●
相关链接 在E读中查询图书 在五车中查询图书 在当当中查询图书 在豆瓣中查询图书


正题名:权力巅峰的爱:书写历史的名人夫妇     索取号:K815.7/JY86         预约/预借

序号 登录号 条形码 馆藏地/架位号 状态 备注
1 7839999   278399993   学院路分馆/ [索取号:K815.7/JY86] 在馆    
2 7850736   278507368   学院路分馆/ [索取号:K815.7/JY86] 在馆    
唐山师范学院图书馆 欢迎您!
大连网信软件有限公司© 版权所有